CURRICULUM DEVELOPMENT (Record no. 33486)

MARC details
000 -LEADER
fixed length control field 00282nam a22001337a 4500
003 - CONTROL NUMBER IDENTIFIER
control field SGT
020 ## - INTERNATIONAL STANDARD BOOK NUMBER
International Standard Book Number 9788119559312
082 ## - DEWEY DECIMAL CLASSIFICATION NUMBER
Classification number 375.001,AYY
100 ## - MAIN ENTRY--PERSONAL NAME
Personal name AYYAPPAN
245 ## - TITLE STATEMENT
Title CURRICULUM DEVELOPMENT
260 ## - PUBLICATION, DISTRIBUTION, ETC. (IMPRINT)
Place of publication, distribution, etc JAIPUR
Name of publisher, distributor, etc POINTER PUB.
Year of Publication 2024
300 ## - PAGE DESCRIPTION
No. of Pages 206
942 ## - ADDED ENTRY ELEMENTS (KOHA)
Source of classification or shelving scheme Dewey Decimal Classification
Koha item type Books
Holdings
Withdrawn status Lost status Source of classification or shelving scheme Damaged status Not for loan Collection code Home library Current library Shelving location Date acquired Vendor Name Cost, normal purchase price SGTU Bill Number Total Checkouts Full call number Accession No. (Barcode) Date last seen Bill Date Koha item type
    Dewey Decimal Classification   Not For Loan EDUCATION SGT Engineering Library SGT Engineering Library Reference Book 23/01/2026 BRIJWASI BOOK DISTRIBUTORS 1500.00 SGTU IN/BW/000365   375.001,AYY ED5457 23/01/2026 20/12/2025 Books